Govt. of
Madhya Pradesh

Asoka King Priyadarsin , A Men Of Destiny (Record no. 16520)

MARC details
000 -LEADER
fixed length control field 004960000a22001930004500
001 - CONTROL NUMBER
control field 004633
003 - CONTROL NUMBER IDENTIFIER
control field MACL
005 - DATE AND TIME OF LATEST TRANSACTION
control field 20150929133051.0
008 - FIXED-LENGTH DATA ELEMENTS--GENERAL INFORMATION
fixed length control field 150929b xxu||||| |||| 00| 0 eng d
040 ## - CATALOGING SOURCE
Original cataloging agency MACL
Transcribing agency MACL
041 ## - LANGUAGE CODE
Language code of text/sound track or separate title English
082 ## - DEWEY DECIMAL CLASSIFICATION NUMBER
Classification number 900/NAN
100 ## - MAIN ENTRY--PERSONAL NAME
Personal name Nandy Achintya,
9 (RLIN) 12732
245 ## - TITLE STATEMENT
Title Asoka King Priyadarsin , A Men Of Destiny
Statement of responsibility, etc. Nandy Achintya
260 ## - PUBLICATION, DISTRIBUTION, ETC. (IMPRINT)
Place of publication, distribution, etc. Kolkata
Name of publisher, distributor, etc. Asha Bharti Publication
Date of publication, distribution, etc. 2007
350 ## - PRICE (NR) (BK AM CF MU VM SE) [OBSOLETE]
Price 175
650 ## - SUBJECT ADDED ENTRY--TOPICAL TERM
Topical term or geographic name as entry element History
9 (RLIN) 12733
942 ## - ADDED ENTRY ELEMENTS (KOHA)
Call number prefix 900
Koha item type Books
Source of classification or shelving scheme
Holdings
Withdrawn status Lost status Source of classification or shelving scheme Damaged status Not for loan Home library Current library Date acquired Cost, normal purchase price Total Checkouts Full call number Barcode Date last seen Uniform Resource Identifier Price effective from Koha item type
          MACL MACL 15/04/2015 175.00   900/NAN CRE021412 02/05/2024 16428 15/04/2015 Books